Những đế chế công nghệ số How they started digital : How 25 good ideas became spectacular digital business :25 ý tưởng độc đáo dẫn đến những đế chế công nghệ số thành công

Chia sẻ 25 ý tưởng độc đáo của các công ty khởi nghiệp sáng giá nhất trong lĩnh vực kinh doanh công nghệ số, để trở thành những đế chế công nghệ số thành công ở các lĩnh vực như: giả trí, mạng truyền thông xã hội, kênh thông tin và thư...

Deskribapen osoa

Gorde:
Xehetasun bibliografikoak
Egile nagusia: Lester, David
Beste egile batzuk: Phạm, Huỳnh Thanh Như
Formatua: Liburua
Hizkuntza:Undetermined
Argitaratua: H. Thế giới 2020
Gaiak:
Sarrera elektronikoa:http://lrc.tdmu.edu.vn/opac/search/detail.asp?aID=2&ID=41386
Etiketak: Etiketa erantsi
Etiketarik gabe, Izan zaitez lehena erregistro honi etiketa jartzen!
Thư viện lưu trữ: Trung tâm Học liệu Trường Đại học Thủ Dầu Một
LEADER 01524nam a2200229Ia 4500
001 TDMU_41386
008 210410s9999 xx 000 0 und d
082 |a 959.799 
090 |b L206 
100 |a Lester, David 
245 0 |a Những đế chế công nghệ số 
245 0 |b How they started digital : How 25 good ideas became spectacular digital business :25 ý tưởng độc đáo dẫn đến những đế chế công nghệ số thành công 
245 0 |c David Lester ; Phạm Huỳnh Thanh Như dịch 
260 |a H. 
260 |b Thế giới 
260 |c 2020 
300 |a 410tr. 
520 |a Chia sẻ 25 ý tưởng độc đáo của các công ty khởi nghiệp sáng giá nhất trong lĩnh vực kinh doanh công nghệ số, để trở thành những đế chế công nghệ số thành công ở các lĩnh vực như: giả trí, mạng truyền thông xã hội, kênh thông tin và thư giãn, bán lẻ, tài chính và các trang so sánh giá, công nghệ qua đó giúp bạn có được những ý tưởng khởi nghiệp đột phá và xây dựng mô hình kinh doanh hiệu quả 
650 |a Kinh doanh  |x Doanh nghiệp  |x Khời nghiệp 
700 |a Phạm, Huỳnh Thanh Như 
856 |u http://lrc.tdmu.edu.vn/opac/search/detail.asp?aID=2&ID=41386 
980 |a Trung tâm Học liệu Trường Đại học Thủ Dầu Một